000 00365nam a2200157Ia 4500
003 Ost
005 20260225132542.0
008 260225s9999||||xx |||||||||||||| ||und||
040 _cfsic
041 _afre
082 _a941.084
100 _aEmmanuel Mounier
_eAuteur
245 0 _aMalraux camus sartre Bernanos /
245 0 _cEmmanuel Mounier
942 _cكتاب
999 _c33561
_d33561